Statistiques concernant Culture Générale - Série 1213

Cliquez ici pour prendre le quiz!

Statistiques générales

  • Ce quiz a été pris 32 fois
  • Le résultat moyen est 6 sur 10

Statistiques - réponses

Question Réponse % Correct
Dans quelle ville d'Allemagne s'est tenu le procès des criminels de guerre nazis en 1945 et 1946, devant un tribunal militaire international ?Nuremberg
100%
Selon l'expression que "mérite toute peine" ?salaire
80%
Quel groupe disco était composé : d'un motard, d'un cow-boy, d'un indien, d'un policier, d'un soldat et d'un ouvrier du bâtiment ?Village People
73%
Quelle ville italienne, capitale de la Campanie, a été construite à proximité du Vésuve ?Naples
70%
Quel pays d'Asie le président Suharto a-t-il dirigé pendant 30 ans ?Indonésie
70%
Quel est le prénom de l'héroïne de B.D. de Jacques Tardi, mademoiselle Blanc-Sec ?Adèle
67%
Le dernier film de la série des gendarmes s'intitule "Le Gendarme et les...Gendarmettes
67%
Quel personnage des "Aventures de Tintin" pratique un sport de combat appelé "savate" ?professeur Tournesol
40%
Dans le film “La Reine Margot”, quel acteur interprète le rôle du roi Charles IX ?Jean-Hugues Anglade
10%
D'après le titre d'une chanson de l'album "Repenti", le fossoyeur chanté par Renan Luce s'appelle Monsieur...Marcel
3%

Distribution des résultats

Percentile par nombre de réponses

% des personnes avec chaque résultat

Votre développement - résultats

Vous n’avez pas pris ce quiz